| 000 | 00779nam a2200217 a 4500 | ||
|---|---|---|---|
| 001 | 000016674 | ||
| 005 | 20200929164939.0 | ||
| 008 | 100309s2005 dr a 000 0 spa d | ||
| 040 |
_aDO-SdBNP _bspa _cBNPHU |
||
| 082 |
_a467.97293 _bW235h |
||
| 100 | 1 |
_aWalters Jaime, Bienvenido, _d1953- _937022 |
|
| 245 | 1 | 0 |
_aHaina o jaina - vocablo aborigén / _cBienvenido Walters Jaime; prólogo Ramón Apolinar Méndez Gómez. |
| 260 |
_a[Santo Domingo] : _b[s.n.], _c2005. |
||
| 300 |
_a154 p. : _bil. ; _c21 cm. |
||
| 500 | _aIncluyedatos biográficos del autor en la contracubierta | ||
| 504 | _aIncluye bibliografías [p. 151-153] | ||
| 650 | 4 |
_aDominicanismos _913083 |
|
| 650 | 4 |
_aAmericanismo _937023 |
|
| 700 | 1 |
_aMéndez Gómez, Ramón Apolinar _epról. _937024 |
|
| 049 | _aBNPD | ||
| 999 |
_c16207 _d16207 |
||